[Event "C16"]
[Site "?"]
[Date "2015.08.06"]
[Round "3.2"]
[White "Walter, Szymon"]
[Black "Wacior, Maciej"]
[Result "1/2-1/2"]
[LiveChessVersion "1.4.6"]
[BlackElo "1842"]
[WhiteElo "2040"]

1. e4 {[%clk 0:15:16]} c6 {[%clk 0:15:19]} 2. d4 {[%clk 0:15:23]} d5
{[%clk 0:15:28]} 3. f3 {[%clk 0:15:32]} Nf6 {[%clk 0:15:23]} 4. e5
{[%clk 0:14:47]} Nfd7 {[%clk 0:15:32]} 5. f4 {[%clk 0:14:42]} e6 {[%clk 0:15:40]}
6. Nf3 {[%clk 0:14:49]} c5 {[%clk 0:15:48]} 7. c3 {[%clk 0:13:53]} g6
{[%clk 0:13:45]} 8. Be3 {[%clk 0:13:16]} Nc6 {[%clk 0:13:27]} 9. Qd2
{[%clk 0:13:06]} a6 {[%clk 0:13:18]} 10. Bd3 {[%clk 0:12:50]} cxd4
{[%clk 0:11:12]} 11. cxd4 {[%clk 0:12:50]} b5 {[%clk 0:10:03]} 12. Nc3
{[%clk 0:12:26]} Nb6 {[%clk 0:09:56]} 13. b3 {[%clk 0:12:25]} Bd7
{[%clk 0:09:33]} 14. O-O {[%clk 0:12:27]} Be7 {[%clk 0:09:17]} 15. g4
{[%clk 0:09:41]} h5 {[%clk 0:08:54]} 16. h3 {[%clk 0:09:43]} hxg4
{[%clk 0:08:38]} 17. hxg4 {[%clk 0:09:50]} Qc7 {[%clk 0:08:09]} 18. Kg2
{[%clk 0:06:45]} Qb7 {[%clk 0:07:28]} 19. Rh1 {[%clk 0:06:27]} O-O-O
{[%clk 0:07:36]} 20. Ne2 {[%clk 0:04:04]} Kb8 {[%clk 0:07:28]} 21. Ng3
{[%clk 0:04:07]} Bb4 {[%clk 0:06:39]} 22. Qf2 {[%clk 0:04:07]} Rdf8
{[%clk 0:05:44]} 23. Ng5 {[%clk 0:03:02]} Bc8 {[%clk 0:04:41]} 24. Nh7
{[%clk 0:01:37]} Rd8 {[%clk 0:04:42]} 25. Rh2 {[%clk 0:01:09]} Be7
{[%clk 0:04:30]} 26. Rah1 {[%clk 0:01:13]} Nb4 {[%clk 0:04:21]} 27. Bb1
{[%clk 0:01:18]} a5 {[%clk 0:04:03]} 28. f5 {[%clk 0:00:55]} gxf5
{[%clk 0:04:05]} 29. gxf5 {[%clk 0:01:03]} Rhg8 {[%clk 0:03:43]} 30. f6
{[%clk 0:01:03]} Bf8 {[%clk 0:03:44]} 31. Ng5 {[%clk 0:01:02]} Nc6
{[%clk 0:03:43]} 32. Bf4 {[%clk 0:00:48]} Bb4 {[%clk 0:03:24]} 33. Rh7
{[%clk 0:00:45]} Rd7 {[%clk 0:03:29]} 34. Rg7 {[%clk 0:00:45]} Rf8
{[%clk 0:03:29]} 35. Rhh7 {[%clk 0:00:48]} Bc3 {[%clk 0:03:33]} 36. Nf3
{[%clk 0:00:47]} a4 {[%clk 0:03:20]} 37. Bd3 {[%clk 0:00:49]} Na7
{[%clk 0:02:17]} 38. Bd2 {[%clk 0:00:37]} Qc7 {[%clk 0:02:07]} 39. Rh1
{[%clk 0:00:23]} Bxd2 {[%clk 0:02:08]} 40. Qxd2 {[%clk 0:00:32]} Ba6
{[%clk 0:01:42]} 41. Rc1 {[%clk 0:00:17]} Qb7 {[%clk 0:01:51]} 42. Qb4
{[%clk 0:00:18]} Rc8 {[%clk 0:01:43]} 43. Rc5 {[%clk 0:00:20]} Nc6
{[%clk 0:01:14]} 44. Qd2 {[%clk 0:00:24]} axb3 {[%clk 0:01:02]} 45. axb3
{[%clk 0:00:33]} b4 {[%clk 0:01:08]} 46. Qe2 {[%clk 0:00:24]} Bxd3
{[%clk 0:01:13]} 47. Qxd3 {[%clk 0:00:33]} Ka7 {[%clk 0:01:22]} 48. Ng5
{[%clk 0:00:30]} Rcc7 {[%clk 0:01:17]} 49. Rg8 {[%clk 0:00:31]} Qa6
{[%clk 0:01:21]} 50. Qxa6+ {[%clk 0:00:31]} Kxa6 {[%clk 0:01:30]} 51. Ne2
{[%clk 0:00:13]} Kb7 {[%clk 0:01:19]} 52. Rh8 {[%clk 0:00:16]} Rd8
{[%clk 0:00:33]} 53. Rxd8 {[%clk 0:00:16]} Nxd8 {[%clk 0:00:42]} 54. Rxc7+
{[%clk 0:00:15]} Kxc7 {[%clk 0:00:51]} 55. Kf3 {[%clk 0:00:23]} Nc8
{[%clk 0:00:55]} 56. Ke3 {[%clk 0:00:31]} Na7 57. Nc1 {[%clk 0:00:36]} Nac6
{[%clk 0:01:12]} 58. Nd3 {[%clk 0:00:42]} Kb6 {[%clk 0:01:13]} 59. Nc5
{[%clk 0:00:29]} Kb5 {[%clk 0:00:34]} 60. Nb7 {[%clk 0:00:22]} Nxb7
{[%clk 0:00:23]} 61. Nxf7 {[%clk 0:00:28]} Ncd8 {[%clk 0:00:30]} 62. Ng5
{[%clk 0:00:29]} Kc6 {[%clk 0:00:39]} 63. f7 {[%clk 0:00:37]} Nxf7
{[%clk 0:00:49]} 64. Nxf7 {[%clk 0:00:46]} Kd7 {[%clk 0:00:58]} 1/2-1/2

[Event "C16"]
[Site "?"]
[Date "2015.08.06"]
[Round "3.3"]
[White "Szostko, Jakub"]
[Black "Grela, Kacper"]
[Result "1-0"]
[LiveChessVersion "1.4.6"]
[BlackElo "2015"]
[WhiteElo "1917"]

1. d4 {[%clk 0:15:18]} Nf6 {[%clk 0:15:17]} 2. c4 {[%clk 0:15:27]} g6
{[%clk 0:15:26]} 3. Nc3 {[%clk 0:15:36]} Bg7 {[%clk 0:15:34]} 4. e4
{[%clk 0:15:45]} d6 {[%clk 0:15:43]} 5. Nf3 {[%clk 0:15:49]} O-O {[%clk 0:15:51]}
6. h3 {[%clk 0:15:57]} Nbd7 {[%clk 0:14:13]} 7. g4 {[%clk 0:15:27]} e5
{[%clk 0:13:59]} 8. d5 {[%clk 0:15:26]} Nc5 {[%clk 0:13:47]} 9. Qc2
{[%clk 0:15:31]} a5 {[%clk 0:13:54]} 10. Be3 {[%clk 0:15:30]} Nfd7
{[%clk 0:13:39]} 11. O-O-O {[%clk 0:15:25]} h6 {[%clk 0:13:05]} 12. Nd2
{[%clk 0:14:10]} a4 {[%clk 0:13:02]} 13. Be2 {[%clk 0:13:52]} c6 {[%clk 0:12:37]}
14. h4 {[%clk 0:13:46]} cxd5 {[%clk 0:10:53]} 15. cxd5 {[%clk 0:13:54]} b6
{[%clk 0:10:21]} 16. Nc4 {[%clk 0:13:39]} Qe7 {[%clk 0:09:21]} 17. h5
{[%clk 0:10:56]} g5 {[%clk 0:09:29]} 18. Nb5 {[%clk 0:10:58]} Nb7
{[%clk 0:08:57]} 19. Bxb6 {[%clk 0:10:30]} Nxb6 {[%clk 0:07:52]} 20. Nxb6
{[%clk 0:10:39]} Rb8 {[%clk 0:08:01]} 21. Na7 {[%clk 0:10:07]} Bd7
{[%clk 0:06:47]} 22. Qc7 {[%clk 0:10:02]} Qd8 {[%clk 0:05:53]} 23. Qxd8
{[%clk 0:09:45]} Rbxd8 {[%clk 0:06:00]} 24. Nc6 {[%clk 0:09:45]} Bxc6
{[%clk 0:05:24]} 25. dxc6 {[%clk 0:09:54]} Nc5 {[%clk 0:05:31]} 26. c7
{[%clk 0:10:01]} Rc8 {[%clk 0:05:40]} 27. Nxc8 {[%clk 0:09:59]} Rxc8
{[%clk 0:05:48]} 28. Rxd6 {[%clk 0:08:44]} Rxc7 {[%clk 0:05:57]} 29. Rd8+
{[%clk 0:08:53]} Bf8 {[%clk 0:06:06]} 30. Kb1 {[%clk 0:08:54]} Nxe4
{[%clk 0:06:09]} 31. Rc1 {[%clk 0:08:19]} Rxc1+ {[%clk 0:04:54]} 32. Kxc1
{[%clk 0:08:29]} Nxf2 {[%clk 0:05:03]} 33. Ra8 {[%clk 0:07:23]} f5
{[%clk 0:04:45]} 34. Bc4+ {[%clk 0:06:40]} Kg7 {[%clk 0:04:52]} 35. Ra7+
{[%clk 0:06:47]} Kh8 {[%clk 0:05:01]} 36. gxf5 {[%clk 0:06:42]} a3
{[%clk 0:05:00]} 37. bxa3 {[%clk 0:06:38]} g4 {[%clk 0:05:08]} 38. Ra8
{[%clk 0:06:24]} g3 {[%clk 0:04:32]} 39. Rxf8+ {[%clk 0:06:31]} Kh7
{[%clk 0:04:41]} 40. Rg8 {[%clk 0:06:28]} Ne4 {[%clk 0:04:50]} 41. Rg4
{[%clk 0:06:29]} Nd6 {[%clk 0:04:41]} 42. Bg8+ {[%clk 0:06:35]} 1-0

[Event "C16"]
[Site "?"]
[Date "2015.08.06"]
[Round "3.4"]
[White "Mockun, Dawid"]
[Black "Karpus, Michal"]
[Result "0-1"]
[LiveChessVersion "1.4.6"]
[BlackElo "1971"]
[WhiteElo "1826"]

1. d4 {[%clk 0:15:18]} Nf6 {[%clk 0:15:18]} 2. Nf3 {[%clk 0:15:24]} g6
{[%clk 0:15:26]} 3. c4 {[%clk 0:15:30]} Bg7 {[%clk 0:15:34]} 4. Nc3
{[%clk 0:15:37]} O-O {[%clk 0:15:41]} 5. Bg5 {[%clk 0:15:44]} d6 {[%clk 0:15:47]}
6. e3 {[%clk 0:15:53]} c5 {[%clk 0:15:24]} 7. Be2 {[%clk 0:15:24]} h6
{[%clk 0:15:24]} 8. Bxf6 {[%clk 0:15:25]} Bxf6 {[%clk 0:15:31]} 9. O-O
{[%clk 0:15:33]} cxd4 {[%clk 0:15:11]} 10. exd4 {[%clk 0:15:40]} Bg7
{[%clk 0:14:54]} 11. Re1 {[%clk 0:15:42]} Nd7 {[%clk 0:14:18]} 12. Nd5
{[%clk 0:14:38]} e6 {[%clk 0:13:54]} 13. Nc3 {[%clk 0:14:31]} a6 {[%clk 0:13:57]}
14. Rc1 {[%clk 0:14:18]} b6 {[%clk 0:13:57]} 15. Bd3 {[%clk 0:14:21]} Nf6
{[%clk 0:12:58]} 16. Qb3 {[%clk 0:12:48]} Bb7 {[%clk 0:12:35]} 17. Ne4
{[%clk 0:12:52]} Rb8 {[%clk 0:11:11]} 18. Nxf6+ {[%clk 0:12:26]} Qxf6
{[%clk 0:11:01]} 19. Be4 {[%clk 0:12:35]} Bxe4 {[%clk 0:07:53]} 20. Rxe4
{[%clk 0:12:42]} Rfd8 {[%clk 0:07:45]} 21. Ree1 {[%clk 0:11:39]} Qf4
{[%clk 0:07:36]} 22. Qe3 {[%clk 0:11:42]} Qf5 {[%clk 0:07:22]} 23. b3
{[%clk 0:11:33]} Qa5 {[%clk 0:06:07]} 24. Qe2 {[%clk 0:10:40]} Rbc8
{[%clk 0:05:56]} 25. Red1 {[%clk 0:10:41]} d5 {[%clk 0:04:44]} 26. h3
{[%clk 0:03:46]} dxc4 {[%clk 0:03:13]} 27. Rxc4 {[%clk 0:03:13]} Rxc4
{[%clk 0:02:16]} 28. bxc4 {[%clk 0:01:56]} Qc3 {[%clk 0:02:08]} 29. Qd3
{[%clk 0:01:48]} Qxd3 {[%clk 0:01:48]} 30. Rxd3 {[%clk 0:01:56]} e5
{[%clk 0:01:53]} 31. Rb3 {[%clk 0:02:06]} e4 {[%clk 0:01:57]} 32. Ne5
{[%clk 0:00:47]} Rxd4 {[%clk 0:02:04]} 33. Nc6 {[%clk 0:00:51]} Rxc4
{[%clk 0:01:33]} 34. Rxb6 {[%clk 0:00:58]} Ra4 {[%clk 0:01:40]} 35. Nb8
{[%clk 0:01:01]} a5 {[%clk 0:01:05]} 36. Nd7 {[%clk 0:00:14]} Rxa2
{[%clk 0:01:05]} 37. Nc5 {[%clk 0:00:17]} Ra1+ {[%clk 0:00:29]} 38. Kh2
{[%clk 0:00:24]} Be5+ {[%clk 0:00:37]} 39. g3 {[%clk 0:00:28]} a4
{[%clk 0:00:20]} 40. Nxe4 {[%clk 0:00:20]} a3 {[%clk 0:00:28]} 41. Ra6
{[%clk 0:00:28]} Bb2 {[%clk 0:00:27]} 42. Nd2 {[%clk 0:00:23]} Rc1
{[%clk 0:00:21]} 43. Kg2 {[%clk 0:00:16]} Kg7 {[%clk 0:00:30]} 44. Nf3
{[%clk 0:00:19]} Rc2 {[%clk 0:00:31]} 45. Ne1 {[%clk 0:00:29]} Rc3
{[%clk 0:00:31]} 46. Nf3 {[%clk 0:00:27]} Bc1 {[%clk 0:00:24]} 47. Nd4
{[%clk 0:00:28]} Rc4 {[%clk 0:00:28]} 48. Ne2 {[%clk 0:00:33]} Bb2
{[%clk 0:00:34]} 49. Nf4 {[%clk 0:00:40]} h5 {[%clk 0:00:29]} 50. h4
{[%clk 0:00:47]} Rc2 {[%clk 0:00:23]} 51. Ra4 {[%clk 0:00:45]} Rc6
{[%clk 0:00:25]} 52. Nd3 {[%clk 0:00:50]} Kf6 {[%clk 0:00:32]} 53. Nxb2
{[%clk 0:00:50]} axb2 {[%clk 0:00:41]} 54. Rb4 {[%clk 0:01:00]} Rc2
{[%clk 0:00:49]} 55. Kf3 {[%clk 0:01:09]} Ke5 {[%clk 0:00:55]} 56. Ke3
{[%clk 0:01:06]} Kd5 {[%clk 0:01:04]} 57. Rb7 {[%clk 0:01:09]} Kc4
{[%clk 0:01:05]} 58. f3 {[%clk 0:01:09]} Rc3+ {[%clk 0:01:10]} 59. Kd2
{[%clk 0:01:15]} Rb3 {[%clk 0:01:16]} 60. Rc7+ {[%clk 0:01:22]} Kd5
{[%clk 0:01:21]} 0-1

[Event "C16"]
[Site "?"]
[Date "2015.08.06"]
[Round "3.5"]
[White "Koziol, Kamil"]
[Black "Rzeszowski, Dominik"]
[Result "1-0"]
[LiveChessVersion "1.4.6"]
[BlackElo "1721"]
[WhiteElo "1962"]

1. e4 {[%clk 0:15:15]} e5 {[%clk 0:15:19]} 2. Nf3 {[%clk 0:15:23]} Nc6
{[%clk 0:15:28]} 3. Bb5 {[%clk 0:15:32]} f5 {[%clk 0:15:37]} 4. Nc3
{[%clk 0:14:56]} fxe4 {[%clk 0:15:46]} 5. Nxe4 {[%clk 0:15:04]} Nf6
{[%clk 0:15:45]} 6. Qe2 {[%clk 0:13:06]} d5 {[%clk 0:15:34]} 7. Nxf6+
{[%clk 0:11:51]} gxf6 {[%clk 0:15:43]} 8. Nd4 {[%clk 0:11:20]} Bd7
{[%clk 0:15:00]} 9. Qh5+ {[%clk 0:09:21]} Ke7 {[%clk 0:15:08]} 10. Bxc6
{[%clk 0:08:09]} bxc6 {[%clk 0:15:15]} 11. Nf3 {[%clk 0:07:36]} Qe8
{[%clk 0:15:06]} 12. Qh4 {[%clk 0:07:36]} Bg7 {[%clk 0:13:50]} 13. d3
{[%clk 0:06:26]} Kf8 {[%clk 0:11:12]} 14. O-O {[%clk 0:05:33]} Qg6
{[%clk 0:10:58]} 15. Qb4+ {[%clk 0:05:18]} Kf7 {[%clk 0:10:32]} 16. Nh4
{[%clk 0:04:40]} Qg4 {[%clk 0:10:38]} 17. Qxg4 {[%clk 0:04:49]} Bxg4
{[%clk 0:10:47]} 18. h3 {[%clk 0:04:40]} Be6 {[%clk 0:10:45]} 19. f4
{[%clk 0:04:43]} e4 {[%clk 0:10:34]} 20. f5 {[%clk 0:04:43]} Bd7 {[%clk 0:10:26]}
21. dxe4 {[%clk 0:04:48]} dxe4 {[%clk 0:10:35]} 22. Bf4 {[%clk 0:04:56]} Rac8
{[%clk 0:10:26]} 23. Rad1 {[%clk 0:04:53]} Be8 {[%clk 0:09:33]} 24. Rfe1
{[%clk 0:04:52]} Rb8 {[%clk 0:09:26]} 25. Rxe4 {[%clk 0:03:52]} Rxb2
{[%clk 0:09:31]} 26. Rde1 {[%clk 0:04:00]} Bf8 {[%clk 0:09:25]} 27. Kh2
{[%clk 0:03:42]} Bc5 {[%clk 0:08:56]} 28. R1e2 {[%clk 0:02:52]} Rxa2
{[%clk 0:08:04]} 29. g4 {[%clk 0:02:56]} Bd7 {[%clk 0:08:13]} 30. Rd2
{[%clk 0:02:06]} Bd6 {[%clk 0:07:37]} 31. Ng2 {[%clk 0:01:23]} Re8
{[%clk 0:07:30]} 32. Red4 {[%clk 0:01:30]} c5 {[%clk 0:07:04]} 33. R4d3
{[%clk 0:01:16]} Bb5 {[%clk 0:06:43]} 34. Rc3 {[%clk 0:01:25]} Re2
{[%clk 0:05:10]} 35. Rxe2 {[%clk 0:00:58]} Bxe2 {[%clk 0:05:19]} 36. Kg3
{[%clk 0:00:45]} Ra4 {[%clk 0:04:49]} 37. Re3 {[%clk 0:00:27]} Bf1
{[%clk 0:04:37]} 38. Bxd6 {[%clk 0:00:34]} cxd6 {[%clk 0:04:46]} 39. Nf4
{[%clk 0:00:39]} Bc4 {[%clk 0:04:47]} 40. h4 {[%clk 0:00:37]} Ra1
{[%clk 0:03:37]} 41. Rc3 {[%clk 0:00:17]} d5 {[%clk 0:03:41]} 42. g5
{[%clk 0:00:20]} fxg5 {[%clk 0:03:43]} 43. hxg5 {[%clk 0:00:27]} Rg1+
{[%clk 0:03:50]} 44. Kh4 {[%clk 0:00:21]} Rh1+ {[%clk 0:03:59]} 45. Kg3
{[%clk 0:00:29]} Rg1+ {[%clk 0:04:07]} 46. Kh4 {[%clk 0:00:38]} Rh1+
{[%clk 0:02:48]} 47. Kg3 {[%clk 0:00:47]} h6 {[%clk 0:02:14]} 48. g6+
{[%clk 0:00:52]} Kf6 {[%clk 0:02:20]} 49. Kg2 {[%clk 0:00:43]} Rh4
{[%clk 0:02:07]} 50. Kg3 {[%clk 0:00:51]} Rh1 {[%clk 0:02:16]} 51. Kg2
{[%clk 0:01:01]} Rh4 {[%clk 0:01:51]} 52. Kg3 {[%clk 0:01:10]} Rh1
{[%clk 0:01:37]} 53. Kg2 {[%clk 0:00:46]} Rh4 {[%clk 0:01:38]} 54. Kg3
{[%clk 0:00:51]} Rh1 {[%clk 0:01:47]} 55. Kg2 {[%clk 0:00:40]} Re1
{[%clk 0:00:26]} 56. Nh5+ {[%clk 0:00:26]} Kxf5 {[%clk 0:00:32]} 57. g7
{[%clk 0:00:25]} Re8 {[%clk 0:00:41]} 58. Rf3+ {[%clk 0:00:34]} Kg6
{[%clk 0:00:17]} 59. Rf8 {[%clk 0:00:39]} Re2+ {[%clk 0:00:11]} 60. Kf3
{[%clk 0:00:47]} d4 {[%clk 0:00:19]} 61. g8=Q+ {[%clk 0:00:49]} Bxg8
{[%clk 0:00:27]} 62. Rxg8+ {[%clk 0:00:54]} Kxh5 {[%clk 0:00:25]} 63. Kxe2
{[%clk 0:01:02]} c4 {[%clk 0:00:33]} 64. Rd8 {[%clk 0:01:04]} d3+
{[%clk 0:00:42]} 65. cxd3 {[%clk 0:01:13]} cxd3+ {[%clk 0:00:50]} 66. Rxd3
{[%clk 0:01:21]} Kg4 {[%clk 0:01:00]} 67. Kf2 {[%clk 0:01:23]} h5
{[%clk 0:01:08]} 68. Kg2 {[%clk 0:01:32]} 1-0

[Event "C16"]
[Site "?"]
[Date "2015.08.06"]
[Round "4.1"]
[White "Winiarski, Mikolaj"]
[Black "Koziol, Kamil"]
[Result "1-0"]
[LiveChessVersion "1.4.6"]
[BlackElo "1962"]
[WhiteElo "2070"]

1. e4 {[%clk 0:15:19]} c5 {[%clk 0:15:09]} 2. Nf3 {[%clk 0:15:27]} e6
{[%clk 0:15:17]} 3. c4 {[%clk 0:15:09]} Nc6 {[%clk 0:15:09]} 4. Nc3
{[%clk 0:15:16]} e5 {[%clk 0:14:13]} 5. g3 {[%clk 0:15:12]} g6 {[%clk 0:14:20]}
6. Bg2 {[%clk 0:15:21]} Bg7 {[%clk 0:14:29]} 7. O-O {[%clk 0:15:29]} Nge7
{[%clk 0:14:37]} 8. Nd5 {[%clk 0:15:30]} O-O {[%clk 0:14:01]} 9. d3
{[%clk 0:15:39]} d6 {[%clk 0:13:40]} 10. a3 {[%clk 0:15:22]} Rb8 {[%clk 0:12:46]}
11. Rb1 {[%clk 0:15:07]} a6 {[%clk 0:12:28]} 12. b4 {[%clk 0:15:12]} cxb4
{[%clk 0:12:20]} 13. axb4 {[%clk 0:15:12]} b5 {[%clk 0:12:22]} 14. Ba3
{[%clk 0:15:15]} f5 {[%clk 0:11:19]} 15. Nd2 {[%clk 0:14:56]} f4 {[%clk 0:10:40]}
16. Re1 {[%clk 0:13:39]} Nd4 {[%clk 0:09:34]} 17. Nb3 {[%clk 0:13:02]} Nec6
{[%clk 0:08:35]} 18. Nxd4 {[%clk 0:13:00]} Nxd4 {[%clk 0:08:39]} 19. Bb2
{[%clk 0:13:00]} Ne6 {[%clk 0:06:55]} 20. Rc1 {[%clk 0:12:23]} Bb7
{[%clk 0:06:49]} 21. Ba3 {[%clk 0:10:21]} Ng5 {[%clk 0:05:24]} 22. h4
{[%clk 0:09:04]} Ne6 {[%clk 0:04:48]} 23. c5 {[%clk 0:08:19]} Nd4
{[%clk 0:03:47]} 24. Bb2 {[%clk 0:06:30]} fxg3 {[%clk 0:03:16]} 25. Bxd4
{[%clk 0:05:09]} exd4 {[%clk 0:03:24]} 26. fxg3 {[%clk 0:05:15]} Bxd5
{[%clk 0:03:33]} 27. exd5 {[%clk 0:05:20]} Bh6 {[%clk 0:02:08]} 28. Rc2
{[%clk 0:05:28]} Be3+ {[%clk 0:02:15]} 29. Kh2 {[%clk 0:05:30]} Rc8
{[%clk 0:01:13]} 30. Rf1 {[%clk 0:05:08]} Qe7 {[%clk 0:01:10]} 31. c6
{[%clk 0:04:59]} Rxf1 {[%clk 0:00:58]} 32. Qxf1 {[%clk 0:05:06]} Qe5
{[%clk 0:00:28]} 33. Qf3 {[%clk 0:05:05]} Rc7 {[%clk 0:00:23]} 34. Qe4
{[%clk 0:04:46]} Qf6 {[%clk 0:00:24]} 35. Qe8+ {[%clk 0:04:32]} Kg7
{[%clk 0:00:33]} 36. Qe4 {[%clk 0:04:16]} h5 {[%clk 0:00:27]} 37. Bh3
{[%clk 0:03:45]} g5 {[%clk 0:00:23]} 38. Qf5 {[%clk 0:03:34]} g4 {[%clk 0:00:21]}
39. Qxf6+ {[%clk 0:03:36]} Kxf6 {[%clk 0:00:30]} 40. Bg2 {[%clk 0:03:44]} Ke5
{[%clk 0:00:22]} 41. Be4 {[%clk 0:03:52]} Kf6 {[%clk 0:00:24]} 42. Kg2
{[%clk 0:04:00]} Kg7 {[%clk 0:00:21]} 43. Bf5 {[%clk 0:03:56]} Kf6
{[%clk 0:00:30]} 44. Be6 {[%clk 0:03:58]} Ke5 {[%clk 0:00:24]} 45. Ra2
{[%clk 0:03:39]} Ra7 {[%clk 0:00:25]} 46. Kf1 {[%clk 0:02:46]} Kf6
{[%clk 0:00:17]} 47. Ke2 {[%clk 0:02:40]} Ke7 {[%clk 0:00:25]} 48. Bc8
{[%clk 0:02:19]} Kd8 {[%clk 0:00:20]} 49. Be6 {[%clk 0:01:51]} Kc7
{[%clk 0:00:14]} 50. Bf7 {[%clk 0:01:37]} Kb6 {[%clk 0:00:24]} 51. Bxh5
{[%clk 0:01:23]} Rg7 52. Ra1 {[%clk 0:01:21]} Rh7 {[%clk 0:00:17]} 53. Bg6
{[%clk 0:00:53]} Rg7 {[%clk 0:00:18]} 54. h5 {[%clk 0:01:01]} Re7
{[%clk 0:00:23]} 55. Be4 {[%clk 0:00:38]} Re5 {[%clk 0:00:23]} 56. Rh1
{[%clk 0:00:41]} Bh6 {[%clk 0:00:32]} 57. Rh4 {[%clk 0:00:40]} Rg5
{[%clk 0:00:30]} 58. Rh1 {[%clk 0:00:33]} Re5 {[%clk 0:00:28]} 59. Kd1
{[%clk 0:00:40]} Re7 {[%clk 0:00:24]} 60. Rf1 {[%clk 0:00:46]} Re5
{[%clk 0:00:16]} 61. Rf7 {[%clk 0:00:49]} a5 {[%clk 0:00:19]} 62. bxa5+
{[%clk 0:00:30]} Kxa5 {[%clk 0:00:28]} 63. c7 {[%clk 0:00:33]} Re8
{[%clk 0:00:20]} 64. Bf5 {[%clk 0:00:40]} Kb4 {[%clk 0:00:18]} 65. c8=Q
{[%clk 0:00:48]} Rxc8 {[%clk 0:00:27]} 66. Bxc8 {[%clk 0:00:54]} Kc3
{[%clk 0:00:35]} 67. Bf5 {[%clk 0:00:54]} b4 {[%clk 0:00:38]} 68. Rc7+
{[%clk 0:01:02]} Kb2 {[%clk 0:00:47]} 69. Bd7 {[%clk 0:00:55]} b3
{[%clk 0:00:50]} 70. Ba4 {[%clk 0:00:52]} Ka3 {[%clk 0:00:54]} 71. Bxb3
{[%clk 0:00:53]} Kxb3 {[%clk 0:00:58]} 72. Ke2 {[%clk 0:00:55]} 1-0

[Event "C16"]
[Site "?"]
[Date "2015.08.06"]
[Round "4.2"]
[White "Karpus, Michal"]
[Black "Szostko, Jakub"]
[Result "1/2-1/2"]
[LiveChessVersion "1.4.6"]
[BlackElo "1917"]
[WhiteElo "1971"]

1. e4 {[%clk 0:15:18]} c5 {[%clk 0:15:19]} 2. Nf3 {[%clk 0:15:25]} e6
{[%clk 0:15:28]} 3. d4 {[%clk 0:15:32]} cxd4 {[%clk 0:15:37]} 4. Nxd4
{[%clk 0:15:40]} Nf6 {[%clk 0:15:45]} 5. Nc3 {[%clk 0:15:48]} d6 {[%clk 0:15:54]}
6. Be2 {[%clk 0:15:53]} Be7 {[%clk 0:16:02]} 7. O-O {[%clk 0:15:59]} O-O
{[%clk 0:16:10]} 8. Be3 {[%clk 0:15:56]} Nc6 {[%clk 0:16:18]} 9. f4
{[%clk 0:15:49]} e5 {[%clk 0:16:27]} 10. Nb3 {[%clk 0:13:58]} a5 {[%clk 0:16:32]}
11. a4 {[%clk 0:13:54]} Nb4 {[%clk 0:16:41]} 12. Kh1 {[%clk 0:13:40]} Be6
{[%clk 0:16:27]} 13. Bf3 {[%clk 0:12:37]} Qc7 {[%clk 0:15:25]} 14. Rc1
{[%clk 0:11:37]} Rfd8 {[%clk 0:14:59]} 15. Qe1 {[%clk 0:10:10]} Bxb3
{[%clk 0:14:14]} 16. cxb3 {[%clk 0:07:57]} Nd3 {[%clk 0:14:22]} 17. Qd2
{[%clk 0:08:04]} Nxc1 {[%clk 0:14:30]} 18. Rxc1 {[%clk 0:08:13]} Rac8
{[%clk 0:14:08]} 19. g4 {[%clk 0:08:03]} exf4 {[%clk 0:13:47]} 20. Bxf4
{[%clk 0:08:05]} h6 {[%clk 0:13:26]} 21. Rg1 {[%clk 0:07:57]} Qd7
{[%clk 0:12:42]} 22. g5 {[%clk 0:07:17]} hxg5 {[%clk 0:12:49]} 23. Bxg5
{[%clk 0:07:24]} Qh3 {[%clk 0:12:28]} 24. Qf2 {[%clk 0:06:50]} Rc5
{[%clk 0:11:01]} 25. Rg3 {[%clk 0:06:30]} Qe6 {[%clk 0:10:25]} 26. Be3
{[%clk 0:06:26]} Rxc3 {[%clk 0:07:48]} 27. bxc3 {[%clk 0:06:02]} Nxe4
{[%clk 0:07:57]} 28. Bxe4 Qxe4+ 29. Qg2 {[%clk 0:05:21]} Qxg2+ {[%clk 0:07:32]}
30. Kxg2 {[%clk 0:05:27]} Rc8 {[%clk 0:07:33]} 31. Bb6 {[%clk 0:05:36]} Bd8
{[%clk 0:07:37]} 32. Bd4 {[%clk 0:05:40]} f6 {[%clk 0:07:30]} 33. Kf3
{[%clk 0:05:11]} d5 {[%clk 0:07:20]} 34. h3 {[%clk 0:04:16]} Kf7 {[%clk 0:07:11]}
35. Rg1 {[%clk 0:03:50]} Bc7 {[%clk 0:07:07]} 36. Re1 {[%clk 0:03:48]} Bd6
{[%clk 0:07:03]} 37. Rd1 {[%clk 0:03:42]} Ke6 {[%clk 0:06:40]} 38. Ke3
{[%clk 0:03:40]} g5 {[%clk 0:06:17]} 39. Kd3 {[%clk 0:03:39]} Rh8
{[%clk 0:05:34]} 40. Re1+ {[%clk 0:03:47]} Be5 {[%clk 0:05:23]} 41. Re3
{[%clk 0:03:45]} Kf5 {[%clk 0:04:59]} 42. Rf3+ {[%clk 0:03:36]} Bf4
{[%clk 0:04:49]} 43. Bb6 {[%clk 0:03:42]} Ra8 {[%clk 0:04:30]} 44. Kd4
{[%clk 0:03:17]} Ke6 {[%clk 0:04:27]} 45. Kc5 {[%clk 0:03:21]} Ke5
{[%clk 0:03:43]} 46. Rd3 {[%clk 0:02:53]} Rc8+ {[%clk 0:03:40]} 47. Kb5
{[%clk 0:03:00]} f5 {[%clk 0:03:14]} 48. c4 {[%clk 0:02:27]} dxc4
{[%clk 0:03:13]} 49. bxc4 {[%clk 0:02:36]} g4 {[%clk 0:03:17]} 50. hxg4
{[%clk 0:02:42]} fxg4 {[%clk 0:03:27]} 51. Rd7 {[%clk 0:02:48]} Ke4
{[%clk 0:03:22]} 52. Rxb7 {[%clk 0:02:46]} Rg8 {[%clk 0:03:17]} 53. Re7+
{[%clk 0:02:05]} Kf3 {[%clk 0:03:23]} 54. c5 {[%clk 0:01:59]} Be3
{[%clk 0:02:51]} 55. c6 {[%clk 0:01:50]} Bxb6 {[%clk 0:02:45]} 56. Kxb6
{[%clk 0:01:59]} g3 {[%clk 0:02:47]} 57. c7 {[%clk 0:01:20]} Kf2 {[%clk 0:02:22]}
58. Rd7 {[%clk 0:01:24]} g2 {[%clk 0:02:24]} 59. Rd1 {[%clk 0:01:33]} g1=Q
{[%clk 0:02:07]} 60. Rxg1 {[%clk 0:01:41]} Kxg1 {[%clk 0:02:16]} 61. Kb7
{[%clk 0:01:50]} Kf2 {[%clk 0:02:25]} 62. c8=Q {[%clk 0:01:58]} Rxc8
{[%clk 0:02:34]} 63. Kxc8 {[%clk 0:02:07]} Ke3 {[%clk 0:02:44]} 64. Kb7
{[%clk 0:02:15]} Kd4 {[%clk 0:02:53]} 65. Kb6 {[%clk 0:02:25]} Kd5
{[%clk 0:02:57]} 66. Kxa5 {[%clk 0:02:32]} Kc6 {[%clk 0:03:06]} 67. Ka6
{[%clk 0:02:40]} 1/2-1/2

[Event "C16"]
[Site "?"]
[Date "2015.08.06"]
[Round "4.3"]
[White "Wacior, Maciej"]
[Black "Janik, Igor"]
[Result "0-1"]
[LiveChessVersion "1.4.6"]
[BlackElo "2124"]
[WhiteElo "1842"]

1. d4 {[%clk 0:15:19]} Nf6 {[%clk 0:15:17]} 2. Nf3 {[%clk 0:15:28]} g6
{[%clk 0:15:26]} 3. Bf4 {[%clk 0:15:37]} Bg7 {[%clk 0:15:35]} 4. h3
{[%clk 0:15:46]} O-O {[%clk 0:15:42]} 5. e3 {[%clk 0:15:55]} c5 {[%clk 0:15:44]}
6. c3 {[%clk 0:16:05]} d5 {[%clk 0:15:37]} 7. Be2 {[%clk 0:16:08]} Qb6
{[%clk 0:15:39]} 8. Qc1 {[%clk 0:15:53]} Nc6 {[%clk 0:15:38]} 9. O-O
{[%clk 0:16:01]} Bf5 {[%clk 0:15:35]} 10. Nbd2 {[%clk 0:16:10]} Rac8
{[%clk 0:15:32]} 11. Nh4 {[%clk 0:14:54]} cxd4 {[%clk 0:15:26]} 12. Nxf5
{[%clk 0:14:37]} dxc3 {[%clk 0:14:55]} 13. Nxe7+ {[%clk 0:13:05]} Nxe7
{[%clk 0:15:02]} 14. bxc3 {[%clk 0:13:14]} Nh5 {[%clk 0:14:38]} 15. Rb1
{[%clk 0:12:24]} Nxf4 {[%clk 0:14:28]} 16. exf4 {[%clk 0:12:21]} Qc7
{[%clk 0:14:24]} 17. c4 {[%clk 0:12:18]} dxc4 {[%clk 0:14:06]} 18. Nxc4
{[%clk 0:10:08]} Nd5 {[%clk 0:14:02]} 19. Ne3 {[%clk 0:05:46]} Nxf4
{[%clk 0:14:04]} 20. Qxc7 {[%clk 0:05:33]} Nxe2+ {[%clk 0:14:07]} 21. Kh1
{[%clk 0:05:37]} Rxc7 {[%clk 0:14:16]} 22. Rfe1 {[%clk 0:05:35]} Nc3
{[%clk 0:14:19]} 23. Rbc1 {[%clk 0:05:41]} Re8 {[%clk 0:14:10]} 0-1